Vita sexualis o l'iniziazione amorosa del professor Kanai Shizuka /

Saved in:
Bibliografiske detaljer
Hovedforfatter: Mori, Ōgai (Author)
Andre forfattere: Frausin Guarino, Laura, Boscaro, Adriana
Format: Bog
Sprog:italiensk
Udgivet: Milano : Feltrinelli, 1993
Udgivelse:2. ed
Serier:Universale economica ; 1171
Tags: Tilføj Tag
Ingen Tags, Vær først til at tagge denne postø!

MARC

LEADER 00000nam a22000007i 4500
001 IT\ICCU\RMS\0968922
003 ItRI
005 20250302220428.0
008 030922s1993 it |||||| ||||| |||||c
020 |a 8807811715 
040 |b ita  |c Arcigay Rimini 
041 7 |a ita  |2 ISO-639-2 
100 1 |a Mori, Ōgai  |0 IT\ICCU\CFIV\003916  |4 aut 
240 1 0 |a Vita sexualis, ou L'apprentissage amoreux du professeur Kanai Shizuka.  |9 Mori, Ōgai 
245 1 0 |a Vita sexualis o l'iniziazione amorosa del professor Kanai Shizuka /  |c Ogai Mori ; traduzione di Laura Guarino ; con una nota di Adriana Boscaro. 
250 |a 2. ed 
260 |a Milano :  |b Feltrinelli,  |c 1993 
300 |a 135 p. ;  |c 20 cm. 
700 1 |a Frausin Guarino, Laura  |0 IT\ICCU\CFIV\028141 
700 1 |a Boscaro, Adriana  |0 IT\ICCU\CFIV\034509 
830 0 |a Universale economica ;  |v 1171  |0 IT\ICCU\CFI\0001103 
942 |2 ddc  |c BK 
952 |0 0  |1 0  |2 ddc  |4 0  |6 895_630000000000000_MOR_VIT  |7 1  |9 3576  |a RN  |b RN  |d 2025-03-02  |l 0  |o 895.63 MOR VIT  |p 10835  |r 2025-03-02 22:05:04  |w 2025-03-02  |y BK  |z Donazione di Giovanni Rimondini 
981 1 |6 z01  |a i   |b xxxe  
982 1 |6 z01  |a n 
999 |c 2779  |d 2779